<?xml version="1.0" encoding="UTF-8"?>
<collection xmlns="http://www.loc.gov/MARC21/slim">
 <record>
  <leader>01050nam0a2200265   4500</leader>
  <controlfield tag="001">in00000003370</controlfield>
  <controlfield tag="005">20230113122445.4</controlfield>
  <datafield tag="010" ind1=" " ind2=" ">
   <subfield code="a">978-7-308-18904-0</subfield>
   <subfield code="b">精装</subfield>
   <subfield code="d">CNY58.00</subfield>
  </datafield>
  <datafield tag="035" ind1=" " ind2=" ">
   <subfield code="a">010161573</subfield>
  </datafield>
  <datafield tag="100" ind1=" " ind2=" ">
   <subfield code="a">20190508d2019    em y0chiy50      ea</subfield>
  </datafield>
  <datafield tag="101" ind1="0" ind2=" ">
   <subfield code="a">chi</subfield>
  </datafield>
  <datafield tag="102" ind1=" " ind2=" ">
   <subfield code="a">CN</subfield>
   <subfield code="b">330000</subfield>
  </datafield>
  <datafield tag="105" ind1=" " ind2=" ">
   <subfield code="a">y   z   000yy</subfield>
  </datafield>
  <datafield tag="106" ind1=" " ind2=" ">
   <subfield code="a">r</subfield>
  </datafield>
  <datafield tag="200" ind1="1" ind2=" ">
   <subfield code="a">新金融、新格局</subfield>
   <subfield code="9">xin jin rong、xin ge ju</subfield>
   <subfield code="e">中国经济改革新思路</subfield>
   <subfield code="d">New finance pattern</subfield>
   <subfield code="f">巴曙松著</subfield>
   <subfield code="z">eng</subfield>
  </datafield>
  <datafield tag="210" ind1=" " ind2=" ">
   <subfield code="a">杭州</subfield>
   <subfield code="c">浙江大学出版社</subfield>
   <subfield code="d">2019</subfield>
  </datafield>
  <datafield tag="215" ind1=" " ind2=" ">
   <subfield code="a">328页</subfield>
   <subfield code="d">22cm</subfield>
  </datafield>
  <datafield tag="300" ind1=" " ind2=" ">
   <subfield code="a">财新图书</subfield>
  </datafield>
  <datafield tag="330" ind1=" " ind2=" ">
   <subfield code="a">本书从负利率、债券通、人民币国际化等角度切入，直击中国金融改革的本质问题，指明中国金融改革的未来趋势。</subfield>
  </datafield>
  <datafield tag="510" ind1="1" ind2=" ">
   <subfield code="a">New finance pattern</subfield>
   <subfield code="z">eng</subfield>
  </datafield>
  <datafield tag="517" ind1="1" ind2=" ">
   <subfield code="a">中国经济改革新思路</subfield>
   <subfield code="9">zhong guo jing ji gai ge xin si lu</subfield>
  </datafield>
  <datafield tag="606" ind1="0" ind2=" ">
   <subfield code="a">中国经济</subfield>
   <subfield code="x">经济改革</subfield>
   <subfield code="x">研究</subfield>
  </datafield>
  <datafield tag="690" ind1=" " ind2=" ">
   <subfield code="a">F12</subfield>
   <subfield code="v">5</subfield>
  </datafield>
  <datafield tag="701" ind1=" " ind2="0">
   <subfield code="a">巴曙松</subfield>
   <subfield code="9">ba shu song</subfield>
   <subfield code="4">著</subfield>
  </datafield>
  <datafield tag="999" ind1="f" ind2="f">
   <subfield code="s">dfd840db-79f6-4e29-8858-13277a5e2dc3</subfield>
   <subfield code="i">da2d7854-d871-4e9e-8662-4eb1b0c208ee</subfield>
  </datafield>
 </record>
</collection>
